| 000 | 00637cam a22002411 4500 | ||
|---|---|---|---|
| 001 | sa 68015508 | ||
| 003 | DLC | ||
| 005 | 20260227112644.0 | ||
| 008 | 940711s1966 ii ac 000 0 telo | ||
| 010 | _asa 68015508 | ||
| 025 | _aPL480:I-Te-1800 | ||
| 035 | _a(OCoLC)30748222 | ||
| 040 |
_aDLC _cCU _dCU _dDLC |
||
| 042 | _apremarc | ||
| 050 | 0 | 0 |
_aPL4780.9.V25 _bP6 |
| 100 | 1 |
_aVaradacharyulu, Vanamamali, _d1912-1984. |
|
| 245 | 1 | 0 | _aPōtana caritramu. |
| 260 | _c[1966] | ||
| 300 |
_axviii, 403, 10 p. _bill., ports. _c25 cm. |
||
| 500 | _aIn Telugu. | ||
| 500 | _aA poem. | ||
| 600 | 0 | 0 |
_aPōtana, _dactive 15th century _vPoetry. |
| 999 |
_c86486 _d86486 |
||